<?xml version="1.0" encoding="UTF-8"?>
<marc:record xmlns:marc="http://www.loc.gov/MARC21/slim">
   <marc:leader>00000nam a2200000 a 4500</marc:leader>
   <marc:datafield ind1="1" ind2=" " tag="100">
      <marc:subfield code="a">Oversohl, Martin</marc:subfield>
      <marc:subfield code="4">aut</marc:subfield>
      <marc:subfield code="e">Verfasser/-in</marc:subfield>
   </marc:datafield>
   <marc:datafield ind1="1" ind2=" " tag="100">
      <marc:subfield code="a">Bey, Jens</marc:subfield>
      <marc:subfield code="4">aut</marc:subfield>
      <marc:subfield code="e">Verfasser/-in</marc:subfield>
   </marc:datafield>
   <marc:datafield ind1=" " ind2=" " tag="653">
      <marc:subfield code="a">Weissenhofsiedlung</marc:subfield>
   </marc:datafield>
   <marc:datafield ind1=" " ind2=" " tag="653">
      <marc:subfield code="a">Schloss Solitude/Bärenseen</marc:subfield>
   </marc:datafield>
   <marc:datafield ind1=" " ind2=" " tag="653">
      <marc:subfield code="a">Altes Schloss</marc:subfield>
   </marc:datafield>
   <marc:datafield ind1=" " ind2=" " tag="653">
      <marc:subfield code="a">Schloßplatz</marc:subfield>
   </marc:datafield>
   <marc:datafield ind1=" " ind2=" " tag="653">
      <marc:subfield code="a">Bärenschlössle</marc:subfield>
   </marc:datafield>
   <marc:datafield ind1=" " ind2=" " tag="653">
      <marc:subfield code="a">Weißenhofsiedlung</marc:subfield>
   </marc:datafield>
   <marc:datafield ind1=" " ind2=" " tag="653">
      <marc:subfield code="a">Königsbau</marc:subfield>
   </marc:datafield>
   <marc:datafield ind1=" " ind2=" " tag="653">
      <marc:subfield code="a">Landesmuseum Württemberg</marc:subfield>
   </marc:datafield>
   <marc:datafield ind1=" " ind2=" " tag="653">
      <marc:subfield code="a">Mercedes-Benz-Museum</marc:subfield>
   </marc:datafield>
   <marc:datafield ind1=" " ind2=" " tag="653">
      <marc:subfield code="a">Solitude</marc:subfield>
   </marc:datafield>
   <marc:datafield ind1=" " ind2=" " tag="653">
      <marc:subfield code="a">Schlossplatz</marc:subfield>
   </marc:datafield>
   <marc:datafield ind1=" " ind2=" " tag="653">
      <marc:subfield code="a">Neues Schloss</marc:subfield>
   </marc:datafield>
   <marc:datafield ind1=" " ind2=" " tag="653">
      <marc:subfield code="a">Mercedes Benz Museum</marc:subfield>
   </marc:datafield>
   <marc:datafield ind1=" " ind2=" " tag="653">
      <marc:subfield code="a">Kunstmuseum</marc:subfield>
   </marc:datafield>
   <marc:datafield ind1=" " ind2=" " tag="653">
      <marc:subfield code="a">Staatsgalerie</marc:subfield>
   </marc:datafield>
   <marc:datafield ind1=" " ind2=" " tag="653">
      <marc:subfield code="a">Staatsoper</marc:subfield>
   </marc:datafield>
   <marc:datafield ind1=" " ind2=" " tag="653">
      <marc:subfield code="a">Porsche Museum</marc:subfield>
   </marc:datafield>
   <marc:datafield ind1=" " ind2=" " tag="653">
      <marc:subfield code="a">Wilhelma</marc:subfield>
   </marc:datafield>
   <marc:datafield ind1=" " ind2=" " tag="653">
      <marc:subfield code="a">Softcover / Reisen/Reiseführer/Deutschland</marc:subfield>
   </marc:datafield>
   <marc:datafield ind1=" " ind2=" " tag="653">
      <marc:subfield code="a">Schlossplatz;Neues Schloss;Mercedes Benz Museum;Kunstmuseum;Staatsgalerie;Staatsoper;Porsche Museum;Wilhelma;Weissenhofsiedlung;Schloss Solitude/Bärenseen;Altes Schloss;Schloßplatz;Bärenschlössle;Weißenhofsiedlung;Königsbau;Landesmuseum Württemberg;Merced</marc:subfield>
   </marc:datafield>
   <marc:datafield ind1=" " ind2=" " tag="653">
      <marc:subfield code="a">Führer</marc:subfield>
   </marc:datafield>
   <marc:datafield ind1="0" ind2="0" tag="245">
      <marc:subfield code="a">Stuttgart</marc:subfield>
   </marc:datafield>
   <marc:datafield ind1="0" ind2="0" tag="245">
      <marc:subfield code="c">Autoren: Jens Bey, Martin Oversohl</marc:subfield>
   </marc:datafield>
   <marc:datafield ind1=" " ind2="1" tag="264">
      <marc:subfield code="a">Ostfildern</marc:subfield>
      <marc:subfield code="b">MAIRDUMONT GmbH &amp; Co. KG</marc:subfield>
      <marc:subfield code="c">2022</marc:subfield>
   </marc:datafield>
   <marc:datafield ind1="1" ind2=" " tag="490">
      <marc:subfield code="a">Marco Polo</marc:subfield>
   </marc:datafield>
   <marc:datafield ind1=" " ind2=" " tag="250">
      <marc:subfield code="a">11. Auflage, komplett überarbeitet und neu gestaltet</marc:subfield>
   </marc:datafield>
   <marc:datafield ind1="1" ind2=" " tag="520">
      <marc:subfield code="a">Angaben aus der Verlagsmeldung

MARCO POLO Reiseführer Stuttgart : Reisen mit Insider-Tipps. Inkl. kostenloser Touren-App / von Jens Bey, Martin Oversohl

Urlaub ab der ersten Seite: Marco Polo Reiseführer Stuttgart Ob Aktiv-Urlaub oder Entspannung pur, ob kurze Alltagsflucht oder langer Traumurlaub: Dein MARCO POLO Reiseführer ist der ideale Begleiter, wenn du die Welt erkundest.

Das solltest du nicht verpassen: Sightseeing-Highlights, Stadtspaziergänge und MARCO POLO Erlebnistouren

Insider-Tipps von Autoren, die vor Ort leben: Entdecke, was die Einheimischen an deinem Reiseziel lieben

Die besten Shopping-Spots, die schönsten Ausgeh-Locations und Restaurant-Tipps für jeden Geschmack

MARCO POLO Best of-Empfehlungen für den Urlaub mit Kindern, für Low-Budget oder für schlechtes Wetter

Ruckzuck in Urlaubslaune: Musik-Playlists, Blogs und Buch-Tipps bringen dich sofort in Urlaubsstimmung

Weniger suchen, mehr entdecken: Alles, was du für deine Reise brauchst!

In deinem Marco Polo Reiseführer findest du alles für eine maximal einfache Reiseplanung: Wissenswertes zum Reiseziel, Tipps für Übernachtungen und Restaurants, Infos zur Anreise. Das noch übersichtlichere Layout mit gelb markierten Highlights, die neu gestalteten Themenkarten und die Pläne zum Ausklappen machen das Reisen leicht:

Alles auf einen Blick: Alle Highlight-Karten und Stadtpläne wurden komplett überarbeitet

Smarter reisen mit der kostenlosen MARCO POLO Touren App: super Orientierung dank Online- und Offline-Karten

Rundum-Sorglos-Paket: Sprachführer, Spots für die besten Urlaubsfotos und alles, was du „bloß nicht!“ tun solltest

Stell dir genau die Reise zusammen, auf die du gerade Lust hast! Dein MARCO POLO Reiseführer bietet eine Fülle von Tipps und Empfehlungen, mit denen du deine Reise individuell und flexibel gestalten kannst. Erlebe unvergessliche Momente und entdecke die Welt mit MARCO POLO – in deinem eigenen Rhythmus!

</marc:subfield>
   </marc:datafield>
   <marc:datafield ind1=" " ind2=" " tag="020">
      <marc:subfield code="a">9783829751087</marc:subfield>
      <marc:subfield code="9">9783829751087</marc:subfield>
   </marc:datafield>
   <marc:datafield ind1=" " ind2=" " tag="020">
      <marc:subfield code="a">3829751087</marc:subfield>
      <marc:subfield code="9">3829751087</marc:subfield>
   </marc:datafield>
   <marc:datafield ind1=" " ind2=" " tag="041">
      <marc:subfield code="a">ger</marc:subfield>
   </marc:datafield>
   <marc:datafield ind1=" " ind2=" " tag="300">
      <marc:subfield code="a">144 Seiten</marc:subfield>
   </marc:datafield>
</marc:record>
